[Event "Trundle_Qualifiers_2012"]
[Site "?"]
[Date "2012.10.01"]
[Round "1.1"]
[White "Goodhue, Nathan"]
[Black "Gao, Hans"]
[Result "0-1"]
[WhiteElo "1990"]
[BlackElo "2017"]
[PlyCount "108"]
[EventDate "2012.09.29"]
[EventRounds "3"]
[SourceDate "2012.09.29"]

1. c4 Nf6 2. Nc3 g6 3. g3 Bg7 4. Bg2 d6 5. d3 O-O 6. e4 c5 7. Nge2 Nc6 8. O-O
Ne8 9. Be3 Nc7 10. Qd2 Bg4 11. f3 Bd7 12. Bh6 Ne6 13. Bxg7 Kxg7 14. f4 {(=)}
Rb8 15. f5 Ned4 16. Nxd4 Nxd4 17. Ne2 Nc6 18. Rf2 b5 19. Qc3+ f6 20. fxg6 hxg6
21. b3 Bg4 22. Bf3 Be6 23. Bg2 Bf7 24. Raf1 Ne5 25. Rc1 Qb6 26. Bh3 Rh8 27. Nf4
bxc4 28. dxc4 g5 29. Ne6+ Bxe6 30. Bxe6 Nc6 31. Qf3 Ne5 32. Qe2 Rh6 {(=)} 33.
h4 Rbh8 34. Rh2 Qc6 35. h5 Qe8 36. g4 Nc6 37. Qf2 Nd4 38. Bf5 e6 39. Bg6 Qxg6
40. hxg6 Rxh2 41. Qxh2 Nf3+ 42. Kg2 Nxh2 43. Rd1 Nxg4 44. Rxd6 Kxg6 45. Rxe6
Ne5 46. Re7 Rh7 47. Re8 Rd7 48. Rc8 Nd3 49. Kf1 Kf7 50. Rc6 Kg6 51. e5 Nxe5 52.
Rxc5 g4 53. a3 Rd2 54. Ra5 g3 {Resigns.} 0-1

[Event "Trundle_Qualifiers_2012"]
[Site "?"]
[Date "2012.10.04"]
[Round "6.1"]
[White "Gao, Hans"]
[Black "Dordevic, Ivan"]
[Result "1-0"]
[WhiteElo "2017"]
[BlackElo "2085"]
[PlyCount "65"]
[EventDate "2012.09.29"]
[EventRounds "3"]
[SourceDate "2012.09.29"]

1. e4 c5 2. Nc3 Nc6 3. Bb5 g6 4. Bxc6 dxc6 5. f4 Bg7 6. Nf3 Nf6 7. d3 O-O 8.
O-O b6 9. Qe1 c4 10. dxc4 b5 11. e5 Ng4 12. h3 Nh6 13. cxb5 cxb5 14. Nxb5 Qb6+
15. Nbd4 Nf5 16. Qf2 Rd8 17. Nxf5 Bxf5 18. Qxb6 axb6 19. c3 f6 20. Be3 Rd3 21.
Bd4 Be4 22. a3 Kf7 23. exf6 exf6 24. Ne1 Rd2 25. Rf2 Rxf2 26. Kxf2 Rd8 27. Nf3
b5 28. Re1 Bd5 29. Bc5 Rd7 30. Nd4 Bc4 31. b3 Bd3 32. Re3 Bb1 33. Nxb5 {
Resigns.} 1-0

[Event "Trundle_Qualifiers_2012"]
[Site "?"]
[Date "2012.10.04"]
[Round "6.2"]
[White "King, Matthew"]
[Black "Duneas, John"]
[Result "0-1"]
[WhiteElo "1968"]
[BlackElo "2089"]
[PlyCount "210"]
[EventDate "2012.09.29"]
[EventRounds "3"]
[SourceDate "2012.09.29"]

1. c4 Nf6 2. g3 c6 3. Nf3 d5 4. Bg2 Bf5 5. cxd5 cxd5 6. Qb3 Qb6 7. Nc3 Qxb3 8.
axb3 Nc6 9. Nb5 Rc8 10. Nfd4 Nxd4 11. Nxd4 Bd7 12. O-O a6 13. d3 e5 14. Nf3 Bd6
15. Bg5 h6 16. Bxf6 gxf6 17. Rfc1 Ke7 18. Ne1 Be6 19. Nc2 Rc5 20. Ne3 Rhc8 21.
Rc3 d4 22. Rxc5 Rxc5 23. Nc4 Rb5 24. Na5 Bc8 25. Rc1 Kd8 26. Nc4 Bc7 27. Nd2 f5
28. h4 Be6 29. Rc2 Bxb3 30. Nxb3 Rxb3 31. Bd5 Rb5 32. Bxf7 e4 33. dxe4 fxe4 34.
Rd2 Bb6 35. Bg6 Re5 36. Kg2 Ke7 37. g4 Kf6 38. Bf5 e3 39. fxe3 Rxe3 40. Bc8 Ba5
41. Rc2 Rb3 42. Kf2 Bd8 43. Kg2 Kg7 44. g5 hxg5 45. hxg5 Kg6 46. Be6 Rb6 47.
Bc4 Bxg5 48. Kf3 Kf5 49. Bd3+ Ke6 50. Ke4 Be3 51. Bc4+ Kd6 52. Bg8 Rb5 53. Bf7
Rc5 54. Kd3 Rf5 55. Bg8 Rf1 56. Ba2 b6 57. Bc4 b5 58. Bg8 a5 59. b3 Rg1 60. Bf7
Rg7 61. Be8 Rb7 62. Ra2 Ke7 63. Bc6 Rb6 64. Bd5 Kd6 65. Bf7 Ra6 66. Rc2 a4 67.
bxa4 Rxa4 68. Rb2 Ra3+ 69. Rb3 Ra5 70. Be8 Kc5 71. Bd7 Bf2 72. Be8 Be1 73. Bd7
b4 74. e3 dxe3 75. Kxe3 Ra7 76. Bf5 Rf7 77. Bd3 Re7+ 78. Be4 Kc4 79. Rb1 Bc3
80. Kf3 b3 81. Bd5+ Kxd5 82. Rxb3 Kd4 83. Rb5 Rf7+ 84. Kg4 Ke4 85. Rb3 Rg7+ 86.
Kh3 Be5 87. Rb4+ Kf3 88. Rb3+ Kf2 89. Rb5 Bf4 90. Rb2+ Kf3 91. Rb3+ Be3 92. Rb4
Rg1 93. Rb2 Rg3+ 94. Kh2 Rg5 95. Kh1 Rg4 96. Rg2 Rh4+ 97. Rh2 Rd4 98. Rh3+ Ke2
99. Kg2 Bf2 100. Rh8 Rg4+ 101. Kh3 Rg6 102. Re8+ Be3 103. Rh8 Kf3 104. Rf8+ Bf4
105. Rh8 Rg1 0-1

[Event "Trundle_Qualifiers_2012"]
[Site "?"]
[Date "2012.10.04"]
[Round "6.3"]
[White "Goodhue, Nathan"]
[Black "Perry, Roger"]
[Result "0-1"]
[WhiteElo "1990"]
[BlackElo "2007"]
[PlyCount "77"]
[EventDate "2012.09.29"]
[EventRounds "3"]
[SourceDate "2012.09.29"]

1. f4 d5 2. e3 Nf6 3. d4 g6 4. Bd3 Bg7 5. Nd2 O-O 6. c3 b6 7. e4 dxe4 8. Nxe4
Bb7 9. Nxf6+ Bxf6 10. Nf3 e6 11. Be3 Nd7 12. O-O c5 13. dxc5 Nxc5 14. Bxc5 bxc5
15. Qe2 Qb6 16. Bc4 Bd5 17. Rf2 Rad8 18. Ne5 Qc7 19. Re1 Bg7 20. b3 Qd6 21. Bb5
Bb7 22. Qe3 Qb6 23. a4 Bd5 24. b4 cxb4 25. Qxb6 axb6 26. cxb4 Rd6 27. Rd2 Rfd8
28. Red1 Bf8 29. Bc6 Bxc6 30. Rxd6 Bxd6 31. Nxc6 Bc5+ 32. Kf1 Rxd1+ 33. Ke2 Rd5
34. bxc5 Rxc5 35. Ne5 Ra5 36. Nc4 Rxa4 37. Nxb6 Rxf4 38. Nd7 Kg7 39. Ke3 0-1

[Event "Trundle_Qualifiers_2012"]
[Site "?"]
[Date "2012.10.04"]
[Round "6.4"]
[White "Koop, Thorben"]
[Black "Thornton, Gino"]
[Result "1/2-1/2"]
[WhiteElo "2127"]
[BlackElo "1990"]
[PlyCount "95"]
[EventDate "2012.09.29"]
[EventRounds "3"]
[SourceDate "2012.09.29"]

1. Nf3 d5 2. g3 Nf6 3. Bg2 Bf5 4. O-O h6 5. d3 e6 6. c3 Be7 7. Qb3 Qc8 8. c4
Nbd7 9. Be3 c6 10. cxd5 exd5 11. Nc3 O-O 12. Rac1 Be6 13. Nd4 Nc5 14. Qd1 Bh3
15. b4 Bxg2 16. Kxg2 Ne6 17. a3 Ng4 18. Nxd5 Qd7 19. Nxe7+ Qxe7 20. Nf3 a5 {(=)
} 21. Bc5 Nxc5 22. bxc5 Rfe8 23. e3 Qd7 24. d4 Qd5 25. h3 Nf6 26. Kh2 h5 27.
Ne5 h4 28. Qc2 Re7 29. Qc4 Qe4 30. g4 Rd8 31. Qc2 Rxe5 32. dxe5 Qxe5+ 33. Kg2
Qd5+ 34. f3 Qe5 35. Kh1 Qxe3 36. Qf2 Qf4 37. Rc2 Rd3 38. Qxh4 Ne4 39. Kg2 Nd2
40. Rxd2 Qxd2+ 41. Rf2 {(=)} Qe1 42. Qg3 Rd1 43. Qh2 Ra1 44. h4 Rxa3 45. Qb8+
Kh7 46. Qc8 Qb1 47. Kg3 Ra1 48. Rf1 1/2-1/2

[Event "Trundle_Qualifiers_2012"]
[Site "?"]
[Date "2012.10.04"]
[Round "6.5"]
[White "Pinic, Noel"]
[Black "Bennett, Hilton"]
[Result "1-0"]
[WhiteElo "2087"]
[BlackElo "1959"]
[PlyCount "129"]
[EventDate "2012.09.29"]
[EventRounds "3"]
[SourceDate "2012.09.29"]

1. d4 Nf6 2. Nf3 g6 3. c4 Bg7 4. Nc3 O-O 5. e4 d6 6. Be2 e5 7. O-O Na6 8. Bg5
h6 9. Bxf6 Qxf6 10. Nd5 Qd8 11. dxe5 dxe5 12. Qc2 c6 13. Ne3 Qe7 14. a3 f5 15.
Nd2 f4 16. Nd1 Nc5 17. b4 Ne6 18. Nf3 g5 19. h3 h5 20. Nh2 Nd4 21. Qb2 g4 22.
hxg4 hxg4 23. Bxg4 Bxg4 24. Nxg4 f3 25. Re1 Qg5 26. Nde3 Rf4 27. Nh2 fxg2 28.
Nxg2 Raf8 29. f3 Rxf3 30. Rf1 {(=)} Qg3 31. Nxf3 Nxf3+ 32. Rxf3 Qxf3 33. Re1
Rf6 34. c5 Rh6 35. Re3 Qd1+ 36. Re1 Qh5 37. Qb3+ Kh7 38. Re3 Qh1+ 39. Kf2 Qc1
40. Rh3 Qd2+ 41. Kf1 Qd7 42. Rxh6+ Bxh6 43. Nh4 Qg4 44. Qf7+ Bg7 45. Qf5+ Qxf5+
46. Nxf5 Bh6 {(=)} 47. Nd6 Bc1 48. Nxb7 Bxa3 49. b5 Bxc5 50. Nxc5 cxb5 51. Nd3
a5 52. Ke1 Kg7 53. Nxe5 Kf6 54. Nd3 a4 55. Kd2 Ke6 56. Kc3 a3 57. Nb4 Ke5 58.
Kd3 Ke6 59. Kd4 Kd6 60. e5+ Ke6 61. Ke4 Ke7 62. Kd5 Kd7 63. e6+ Ke7 64. Ke5 Ke8
65. Kd6 1-0

[Event "George Trundle Masters 2012"]
[Site "Auckland, NZL"]
[Date "2012.10.05"]
[Round "7.1"]
[White "Watson, Bruce R"]
[Black "Green, Ewen M"]
[Result "1/2-1/2"]
[WhiteElo "2300"]
[BlackElo "2258"]
[PlyCount "30"]
[EventDate "2012.??.??"]

1. c4 c5 2. Nf3 g6 3. d4 cxd4 4. Nxd4 Bg7 5. e4 Nc6 6. Be3 Nf6 7. Nc3 O-O 8.
Be2 d6 9. O-O Bd7 10. Qd2 Nxd4 11. Bxd4 Bc6 12. f3 Nd7 13. Be3 a5 14. Rab1 Nc5
15. b3 Qb6 1/2-1/2

[Event "George Trundle Masters 2012"]
[Site "Auckland, NZL"]
[Date "2012.10.05"]
[Round "7.2"]
[White "Chan, Peng Kong"]
[Black "Li, Zuhao Luke"]
[Result "1-0"]
[WhiteElo "2245"]
[BlackElo "2249"]
[PlyCount "89"]
[EventDate "2012.??.??"]

1. d4 Nf6 2. c4 e6 3. g3 c5 4. d5 exd5 5. cxd5 b5 6. Bg2 d6 7. Nh3 g6 8. O-O
Bg7 9. e4 O-O 10. f3 Nbd7 11. Nf2 Rb8 12. Qc2 Nb6 13. Rd1 Nfd7 14. Nc3 b4 15.
Nb5 Ne5 16. Nxa7 Bd7 17. f4 Nec4 18. Nc6 Bxc6 19. dxc6 Qc7 20. Rb1 Ra8 21. e5
dxe5 22. b3 Na3 23. Bxa3 Rxa3 24. f5 gxf5 25. Qxf5 Rxa2 26. Be4 Rd8 27. Rxd8+
Qxd8 28. Rd1 Qf6 29. c7 Qxf5 30. Bxf5 Bf8 31. Rd8 Kg7 32. Rb8 Ra7 33. c8=Q Nxc8
34. Rxc8 Ra3 35. Bc2 Ra1+ 36. Kg2 Be7 37. Bd3 Ra2 38. Rc7 Bf6 39. Kf3 h6 40.
Bc4 Bd8 41. Rxf7+ Kg6 42. Ng4 Bg5 43. Nxe5+ Kh5 44. Ke4 Rxh2 45. Rf5 1-0

[Event "George Trundle Masters 2012"]
[Site "Auckland, NZL"]
[Date "2012.10.05"]
[Round "7.3"]
[White "Reilly, Tim"]
[Black "Steadman, Michael"]
[Result "0-1"]
[WhiteElo "2251"]
[BlackElo "2200"]
[PlyCount "58"]
[EventDate "2012.??.??"]

1. d4 Nf6 2. c4 Nc6 3. Nf3 e6 4. Nc3 Bb4 5. Qc2 d6 6. g3 O-O 7. a3 Bxc3+ 8.
Qxc3 Ne4 9. Qc2 f5 10. Bg2 Qf6 11. d5 Ne7 12. dxe6 Bxe6 13. O-O a5 14. Be3 c5
15. Rfd1 d5 16. cxd5 Nxd5 17. Bd2 a4 18. Be1 Nb6 19. Nd2 Nxd2 20. Rxd2 Qe5 21.
Rd3 f4 22. Qc3 Qf5 23. Bxb7 Rab8 24. Bf3 Nc4 25. Rb1 Rb3 26. Qc1 Rxd3 27. g4
Qg6 28. exd3 Ne5 29. Bd1 Bxg4 0-1

[Event "George Trundle Masters 2012"]
[Site "Auckland, NZL"]
[Date "2012.10.05"]
[Round "7.4"]
[White "Hague, Ben"]
[Black "Lane, Gary W"]
[Result "0-1"]
[WhiteElo "2314"]
[BlackElo "2391"]
[PlyCount "68"]
[EventDate "2012.??.??"]

1. d4 d5 2. Nf3 Nf6 3. c4 c6 4. Nc3 dxc4 5. a4 e6 6. e4 Bb4 7. Qc2 b5 8. Be2
Bb7 9. O-O a6 10. Bg5 Nbd7 11. Ne5 Qb6 12. Rad1 O-O 13. f4 c5 14. d5 Bxc3 15.
bxc3 exd5 16. exd5 Qd6 17. Rf3 h6 18. Bxh6 gxh6 19. Qf5 Bc8 20. Rg3+ Kh8 21.
Qh3 Kh7 22. Qf5+ Kh8 23. Qh3 Ne4 24. Ng6+ Kg7 25. Nxf8+ Nxg3 26. Qxg3+ Kxf8 27.
Qh4 Bb7 28. Bg4 Qf6 29. Qh5 Rd8 30. d6 b4 31. Bxd7 Rxd7 32. Qxc5 Qg6 33. Rd2
bxc3 34. Re2 Qxd6 0-1

[Event "George Trundle Masters 2012"]
[Site "Auckland, NZL"]
[Date "2012.10.05"]
[Round "7.5"]
[White "Johansen, Darryl K"]
[Black "Smith, Robert W"]
[Result "1/2-1/2"]
[WhiteElo "2446"]
[BlackElo "2214"]
[PlyCount "225"]
[EventDate "2012.??.??"]

1. c4 Nf6 2. Nc3 g6 3. e4 d6 4. d4 Bg7 5. Be2 O-O 6. Bg5 c5 7. d5 e6 8. Qd2
exd5 9. exd5 Re8 10. Nf3 a6 11. O-O Bg4 12. h3 Bxf3 13. Bxf3 Nbd7 14. Rfe1
Rxe1+ 15. Rxe1 Qf8 16. a4 Re8 17. Rxe8 Qxe8 18. Bf4 Qe7 19. Kf1 h5 20. Bd1 Bf8
21. Bc2 Qd8 22. Nd1 Ne8 23. a5 b6 24. axb6 Qxb6 25. Qe1 Nef6 26. Bd2 Qd8 27. f4
Qe7 28. g3 Nb6 29. Qxe7 Bxe7 30. b3 Ne8 31. Ke2 Kg7 32. g4 hxg4 33. hxg4 f6 34.
Ne3 Kf7 35. Kf3 Bd8 36. Ba5 Bc7 37. Bc3 Bd8 38. Ng2 Nd7 39. Nh4 Nf8 40. b4 cxb4
41. Bxb4 a5 42. Bc3 Bb6 43. Ke2 Nc7 44. Nf3 Na6 45. Nd4 Nc5 46. Nb5 Ke7 47. Nd4
Kf7 48. Kd2 Nfd7 49. Kc1 Nb7 50. Kb2 Bxd4 51. Bxd4 g5 52. Bf5 Ndc5 53. Be3 gxf4
54. Bxf4 Ke7 55. Ka3 Nd8 56. Bd2 Ndb7 57. Bc3 Kf7 58. Bd4 Ke7 59. Bc8 Nd8 60.
Bc3 Nf7 61. Bxa5 Ne5 62. Kb4 Ncd7 63. Kb5 Nxg4 64. c5 dxc5 65. Kc6 Nge5+ 66.
Kc7 f5 67. Bd2 c4 68. Ba6 c3 69. Bxc3 f4 70. Bf1 f3 71. Bd4 Nf7 72. Bh3 Nf6 73.
Bc5+ Ke8 74. d6 Ne5 75. Bd4 Ned7 76. Be6 Nf8 77. Bc4 N8h7 78. Bb5+ Kf7 79. d7
Nxd7 80. Bxd7 Ng5 81. Kd6 f2 82. Bb5 Ne4+ 83. Ke5 f1=Q 84. Bxf1 Ng5 85. Bg2 Ke7
86. Bc5+ Kf7 87. Kf5 Nh7 88. Bd5+ Kg7 89. Bd4+ Kh6 90. Bc6 Nf8 91. Be8 Nh7 92.
Bb5 Nf8 93. Bc6 Nh7 94. Be4 Nf8 95. Bd3 Nh7 96. Bc5 Kg7 97. Bc4 Kh6 98. Bd4 Nf8
99. Bd5 Nh7 100. Ke6 Ng5+ 101. Kf5 Nh7 102. Bc4 Nf8 103. Bd3 Nh7 104. Ke6 Ng5+
105. Ke7 Nf3 106. Be3+ Kh5 107. Kf6 Kg4 108. Bc5 Kf4 109. Bb5 Nd2 110. Bd6+ Ke4
111. Be5 Kd5 112. Kf5 Nc4 113. Bxc4+ 1/2-1/2

[Event "Trundle_Qualifiers_2012"]
[Site "?"]
[Date "2012.10.05"]
[Round "7.1"]
[White "Bennett, Hilton"]
[Black "Gao, Hans"]
[Result "1-0"]
[WhiteElo "1959"]
[BlackElo "2017"]
[PlyCount "53"]
[EventDate "2012.??.??"]
[SourceDate "2012.09.29"]

1. e4 c5 2. Nc3 a6 3. f4 b5 4. g3 Bb7 5. Bg2 e6 6. d3 d5 7. Qe2 Nc6 8. Nh3 Nf6
9. e5 Nd7 10. O-O h5 11. f5 Nd4 12. Qe1 Nb6 13. fxe6 Nxe6 14. Qf2 Qd7 15. Ng5
Nxg5 16. Bxg5 Bc6 17. Bh3 Qb7 18. Rae1 c4 19. e6 f6 20. e7 Bxe7 21. Bxf6 Rf8
22. Rxe7+ Qxe7 23. Re1 Ra7 24. Bxe7 Rxf2 25. Bc5+ Kf7 26. Bxf2 Rb7 27. Be6+ {
Resigns.} 1-0

[Event "Trundle_Qualifiers_2012"]
[Site "?"]
[Date "2012.10.05"]
[Round "7.2"]
[White "Thornton, Gino"]
[Black "Pinic, Noel"]
[Result "1-0"]
[WhiteElo "2142"]
[BlackElo "2087"]
[PlyCount "127"]
[EventDate "2012.??.??"]
[SourceDate "2012.09.29"]

1. Nf3 Nf6 2. c4 e6 3. g3 d5 4. d4 Bb4+ 5. Bd2 Bxd2+ 6. Nbxd2 O-O 7. Bg2 Nbd7
8. O-O c5 9. e3 Rb8 10. Rc1 cxd4 11. Nxd4 Ne5 12. Qb3 Bd7 13. cxd5 exd5 14.
Rfd1 Qa5 15. Qc3 Qb6 16. N4b3 Rfe8 17. Qd4 Bg4 18. f3 Bd7 19. Qxb6 axb6 20. Bf1
Ra8 21. a3 Ba4 22. Kf2 Nfd7 23. Re1 Rac8 24. Rxc8 Rxc8 25. Rc1 Nc5 26. Rc3 Bxb3
27. Nxb3 Rc6 28. Nd4 Rf6 29. Kg2 g6 30. Be2 Kg7 31. b4 Ne6 32. f4 Nc4 33. Nb5
Nd8 34. Nc7 Rc6 35. Nxd5 b5 36. a4 Rd6 37. axb5 Rxd5 38. Bxc4 Rd2+ 39. Kg1 Rb2
40. Rb3 Rc2 41. Bd3 Rd2 42. Be4 f5 43. Rd3 Rxd3 44. Bxd3 b6 45. Kf2 Ne6 46. Bc4
Nc7 47. Kf3 Kf6 48. e4 h6 49. e5+ Ke7 50. Ke3 Ke8 51. h3 g5 52. fxg5 hxg5 53.
h4 f4+ 54. gxf4 gxh4 55. Bf1 Kf7 56. f5 Kg7 57. Ke4 Kh6 58. Kf4 Nd5+ 59. Ke4
Nxb4 60. e6 Kg7 61. Ke5 Nc2 62. f6+ Kf8 63. e7+ Ke8 64. Bd3 {Resigns.} 1-0

[Event "Trundle_Qualifiers_2012"]
[Site "?"]
[Date "2012.10.05"]
[Round "7.3"]
[White "Perry, Roger"]
[Black "Koop, Thorben"]
[Result "0-1"]
[WhiteElo "2007"]
[BlackElo "2127"]
[PlyCount "92"]
[EventDate "2012.??.??"]
[SourceDate "2012.09.29"]

1. e4 c5 2. c3 d5 3. exd5 Qxd5 4. Nf3 Nc6 5. d4 Bf5 6. Be3 cxd4 7. cxd4 Bxb1 8.
Qxb1 e5 9. Bd3 Bb4+ 10. Kf1 exd4 11. Be4 Qb5+ 12. Bd3 Qb6 13. Bf4 Nf6 14. a3
Be7 15. b4 Nd5 16. Bd2 Nd8 17. g3 Ne6 18. Kg2 h6 19. Qb3 Rd8 20. Qa4+ Kf8 21.
Ne5 Qd6 22. Rhe1 Bf6 23. Nc4 Qb8 24. Qd1 g5 25. Bf5 Qc8 26. Ne5 Nef4+ 27. gxf4
Qxf5 28. Qg4 Ne7 29. Qxf5 Nxf5 30. fxg5 hxg5 31. Ng4 Kg7 32. Nxf6 Kxf6 33. Rac1
Rhe8 34. Rxe8 Rxe8 35. b5 Re2 36. Bb4 d3 37. Kf1 Ke5 38. Re1 Rxe1+ 39. Kxe1 g4
40. Kd2 Ke4 41. a4 Nd4 42. Kd1 a6 43. bxa6 bxa6 44. Bd6 f5 45. Kd2 f4 46. Kc3
Nf3 {Resigns.} 0-1

[Event "Trundle_Qualifiers_2012"]
[Site "?"]
[Date "2012.10.05"]
[Round "7.4"]
[White "Duneas, John"]
[Black "Goodhue, Nathan"]
[Result "1-0"]
[WhiteElo "2089"]
[BlackElo "1990"]
[PlyCount "169"]
[EventDate "2012.??.??"]
[SourceDate "2012.09.29"]

1. d4 Nf6 2. c4 g6 3. Nc3 Bg7 4. e4 d6 5. Be2 O-O 6. Nf3 e5 7. O-O Nc6 8. d5
Ne7 9. Ne1 Nd7 10. b4 a5 11. Ba3 axb4 12. Bxb4 f5 13. a4 fxe4 14. Nxe4 Nf6 15.
f3 Bh6 16. Bd2 Bxd2 17. Qxd2 Bd7 18. a5 Qb8 19. Nc2 Nf5 20. Rfb1 Qa7+ 21. Kh1
Kg7 22. Rb3 Nh6 23. Nxf6 Rxf6 24. Qe3 Nf5 {(=)} 25. Qxa7 Rxa7 26. Kg1 Bc8 27.
Bd3 Ne7 28. Be4 Rf7 29. Rc3 Bf5 30. c5 Bxe4 31. fxe4 Rf4 32. cxd6 cxd6 33. Re3
Rf8 34. Rb3 Rc8 35. Ne3 Rc5 36. Rab1 Rc7 37. Rb5 h5 38. R1b4 Kf6 39. Nc4 Nc8
40. h4 g5 41. hxg5+ Kxg5 42. Ne3 Ne7 43. g3 h4 44. gxh4+ Kxh4 45. Kf2 Kg5 46.
Nc4 Nc8 47. Ke3 Rh7 48. Kf3 Rh3+ 49. Ke2 Rh7 {(=)} 50. Nd2 Rc7 51. Rc4 Rxc4 52.
Nxc4 Kf6 53. Kf3 Ke7 54. Kg4 Kd7 55. Kf5 Ne7+ 56. Kf6 Nc8 57. Rb2 Kc7 58. Ke6
Ra6 59. Rb5 Ra8 60. Nb6 Rb8 61. Rb2 Na7 62. Rc2+ Kd8 63. Kxd6 Nb5+ 64. Kxe5 Ke8
65. Rh2 Kf7 66. Kf4 Kg6 67. Rg2+ Kf7 68. Nd7 Ra8 69. Ne5+ Kf8 70. Ra2 b6 71.
Nd7+ Ke7 72. Nxb6 Rf8+ 73. Ke3 Kd6 74. e5+ Kc7 75. Rc2+ Kb7 76. Nd7 Re8 77. e6
Nc7 78. Kd4 Nb5+ 79. Ke5 Na3 80. Rc3 Nb5 81. Rc6 Nc7 82. Nc5+ Kb8 83. d6 Nxe6
84. Nxe6 Kb7 85. Rc7+ {Resigns.} 1-0

[Event "Trundle_Qualifiers_2012"]
[Site "?"]
[Date "2012.10.05"]
[Round "7.5"]
[White "Dordevic, Ivan"]
[Black "King, Mathew"]
[Result "1/2-1/2"]
[WhiteElo "2085"]
[BlackElo "1968"]
[PlyCount "47"]
[EventDate "2012.??.??"]
[SourceDate "2012.09.29"]

1. e4 c5 2. Nf3 d6 3. d4 cxd4 4. Nxd4 Nf6 5. Nc3 a6 6. Be2 e6 7. a4 Be7 8. O-O
O-O 9. f4 Qc7 10. Kh1 Nc6 11. Be3 Re8 12. Bf3 Na5 13. Qe2 Nc4 14. e5 dxe5 15.
Ndb5 axb5 16. Nxb5 Qb8 17. Qxc4 e4 18. Bxe4 Nxe4 19. Qxe4 Bd7 20. Bd4 Rxa4 21.
Rxa4 Bxb5 22. Rfa1 Bxa4 23. Rxa4 Rd8 24. c3 {Draw.} 1/2-1/2

[Event "George Trundle Masters 2012"]
[Site "Auckland, NZL"]
[Date "2012.10.06"]
[Round "8.1"]
[White "Green, Ewen M"]
[Black "Smith, Robert W"]
[Result "1/2-1/2"]
[WhiteElo "2258"]
[BlackElo "2214"]
[PlyCount "30"]
[EventDate "2012.??.??"]

1. d4 Nf6 2. c4 g6 3. Nc3 Bg7 4. e4 d6 5. Nf3 O-O 6. Be2 Na6 7. O-O e5 8. Be3
Ng4 9. Bg5 f6 10. Bc1 Nh6 11. dxe5 fxe5 12. Bg5 Qe8 13. Nb5 Kh8 14. b4 Nf7 15.
Be3 Qe7 1/2-1/2

[Event "George Trundle Masters 2012"]
[Site "Auckland, NZL"]
[Date "2012.10.06"]
[Round "8.2"]
[White "Lane, Gary W"]
[Black "Johansen, Darryl K"]
[Result "1/2-1/2"]
[WhiteElo "2391"]
[BlackElo "2446"]
[PlyCount "30"]
[EventDate "2012.??.??"]

1. e4 c5 2. Nf3 Nc6 3. d4 cxd4 4. Nxd4 Nf6 5. Nc3 d6 6. g3 e6 7. Bg2 Bd7 8. O-O
Be7 9. Ndb5 Qb8 10. Bg5 a6 11. Bxf6 gxf6 12. Nd4 O-O 13. Kh1 Nxd4 14. Qxd4 b5
15. a3 Bc6 1/2-1/2

[Event "George Trundle Masters 2012"]
[Site "Auckland, NZL"]
[Date "2012.10.06"]
[Round "8.3"]
[White "Steadman, Michael"]
[Black "Hague, Ben"]
[Result "0-1"]
[WhiteElo "2200"]
[BlackElo "2314"]
[PlyCount "76"]
[EventDate "2012.??.??"]

1. d4 d5 2. c4 e6 3. Nc3 c5 4. cxd5 exd5 5. Nf3 Nc6 6. g3 Nf6 7. Bg2 Be7 8. O-O
O-O 9. dxc5 Bxc5 10. a3 Ne4 11. Qc2 Nxc3 12. Qxc3 Bb6 13. b4 d4 14. Qd2 Bg4 15.
Bb2 Qd7 16. Rfd1 Rad8 17. Rac1 Rfe8 18. Ba1 a6 19. Qb2 Qe7 20. Rd2 h5 21. b5
axb5 22. Qxb5 Qxa3 23. Rb1 Ba5 24. Rd3 Bc3 25. h3 Bxf3 26. Rxf3 Ne5 27. Rf5 Qa2
28. Be4 Nc6 29. Bd3 g6 30. Rxh5 gxh5 31. Qg5+ Kf8 32. Bxc3 dxc3 33. Rxb7 Qe6
34. Qxh5 Rd7 35. Qh8+ Ke7 36. Qh4+ f6 37. Bc4 Qd6 38. Rb6 Qd4 0-1

[Event "George Trundle Masters 2012"]
[Site "Auckland, NZL"]
[Date "2012.10.06"]
[Round "8.4"]
[White "Li, Zuhao Luke"]
[Black "Reilly, Tim"]
[Result "1/2-1/2"]
[WhiteElo "2249"]
[BlackElo "2251"]
[PlyCount "65"]
[EventDate "2012.??.??"]

1. d4 d6 2. e4 Nf6 3. Nc3 g6 4. Be3 a6 5. e5 Ng4 6. Bf4 Bg7 7. Nf3 Nc6 8. h3
dxe5 9. dxe5 Ngxe5 10. Nxe5 Nxe5 11. Qxd8+ Kxd8 12. O-O-O+ Bd7 13. Ne4 Ke8 14.
Rd5 f6 15. Nc5 Bc6 16. Rd1 Kf7 17. Bxe5 fxe5 18. Bc4+ Kf6 19. Bd5 Bxd5 20. Rxd5
b6 21. Ne4+ Kf5 22. Ng3+ Ke6 23. Rhd1 Bh6+ 24. Kb1 Rhf8 25. Ne4 Rf4 26. f3 Rff8
27. a4 a5 28. Rd7 Rfc8 29. Nc3 c6 30. Ne4 Rab8 31. b3 Be3 32. R7d3 Bh6 33. Rd7
1/2-1/2

[Event "George Trundle Masters 2012"]
[Site "Auckland, NZL"]
[Date "2012.10.06"]
[Round "8.5"]
[White "Watson, Bruce R"]
[Black "Chan, Peng Kong"]
[Result "0-1"]
[WhiteElo "2300"]
[BlackElo "2245"]
[PlyCount "73"]
[EventDate "2012.??.??"]

1. c4 Nf6 2. Nc3 c5 3. Nf3 Nc6 4. g3 g6 5. Bg2 Bg7 6. O-O O-O 7. d3 d6 8. a3
Bd7 9. Rb1 a5 10. h3 Rb8 11. Be3 Ne8 12. d4 cxd4 13. Nxd4 Nxd4 14. Bxd4 Bc6 15.
e4 b5 16. cxb5 Bxb5 17. Re1 Bc6 18. Bxg7 Nxg7 19. b4 axb4 20. axb4 Qb6 21. Nd5
Bxd5 22. Qxd5 Rfc8 23. Qa5 Nh5 24. e5 Qd4 25. exd6 Qxd6 26. Red1 Qf6 27. Qd5
Rc2 28. Qd4 e5 29. Qa7 Rb6 30. Qa8+ Kg7 31. Qf3 Qe7 32. Qe4 Ra2 33. Qc4 Ra4 34.
Qc5 Qf6 35. Re1 Ra2 36. Rxe5 Rb5 37. Re3 0-1

[Event "Trundle_Qualifiers_2012"]
[Site "?"]
[Date "2012.10.06"]
[Round "8.1"]
[White "Gao, Hans"]
[Black "King, Mathew"]
[Result "1/2-1/2"]
[WhiteElo "2017"]
[BlackElo "1968"]
[PlyCount "132"]
[EventDate "2012.??.??"]
[SourceDate "2012.09.29"]

1. e4 c5 2. Nc3 d6 3. f4 g6 4. Nf3 Bg7 5. g3 Nc6 6. Bg2 e6 7. d3 Nge7 8. O-O
O-O 9. Be3 b6 10. d4 Ba6 11. Re1 Qc7 12. Ne2 d5 13. e5 Nf5 14. Bf2 Bxe2 15.
Rxe2 cxd4 16. Nxd4 Nfxd4 17. Bxd4 Rfd8 18. Bf2 Rac8 19. c3 Bf8 20. Qa4 Na5 21.
h4 h5 22. Bf3 Qc4 23. Qd1 Nc6 24. Rd2 Bc5 25. Bxc5 bxc5 26. Be2 Qe4 27. Bd3
Qe3+ 28. Kg2 c4 29. Bc2 Qc5 30. Qg1 Qxg1+ 31. Rxg1 Rb8 32. Ba4 Ne7 33. Kh3 Nf5
34. g4 hxg4+ 35. Kxg4 Kg7 36. h5 Rh8 37. hxg6 fxg6 38. Kf3 Rh3+ 39. Kf2 Rbh8
40. Bc2 R3h4 41. Kf3 Rh3+ 42. Kf2 Rh2+ 43. Rg2 Rxg2+ 44. Kxg2 Ne3+ 45. Kf3 Rh3+
46. Ke2 Ng2 47. Rd4 Nh4 48. Rd2 Rh2+ 49. Ke3 Rxd2 50. Kxd2 Ng2 51. b4 cxb3 52.
axb3 Nxf4 53. Ke3 g5 54. c4 dxc4 55. bxc4 Kf7 56. Kf3 a5 57. Kg4 Ne2 58. c5 Nd4
59. Ba4 Ke7 60. Kxg5 Nf3+ 61. Kf4 Nd4 62. Kg5 Nf3+ 63. Kf4 Nd4 64. Ke4 Nf5 65.
c6 Kd8 66. Bb3 Ne7 {Draw.} 1/2-1/2

[Event "Trundle_Qualifiers_2012"]
[Site "?"]
[Date "2012.10.06"]
[Round "8.2"]
[White "Goodhue, Nathan"]
[Black "Dordevic, Ivan"]
[Result "0-1"]
[WhiteElo "1990"]
[BlackElo "2085"]
[PlyCount "72"]
[EventDate "2012.??.??"]
[SourceDate "2012.09.29"]

1. b3 g6 2. Bb2 Nf6 3. Nc3 d5 4. e4 d4 5. Nce2 e5 6. d3 c5 7. h3 Nc6 8. g4 h5
9. g5 Nh7 10. h4 f6 11. gxf6 Nxf6 12. Bc1 Ng4 13. Nf3 Be7 14. Bh3 O-O 15. Bxg4
Bxg4 16. Ng5 c4 17. bxc4 Bb4+ 18. Bd2 Qf6 19. Rf1 Bc3 20. Rb1 Rae8 21. f3 Bh3
22. Rg1 Nd8 23. Nxc3 dxc3 24. Be3 Bc8 25. Bxa7 Ne6 26. Be3 Nd4 27. Bxd4 exd4
28. Qe2 Qf4 29. Qf2 Bg4 30. Rd1 Ra8 31. Qxd4 Rxa2 32. Qf2 Rxc2 33. Rxg4 Qxg4
34. fxg4 Rfxf2 35. Ra1 Rce2+ 36. Kd1 c2+ {Resigns.} 0-1

[Event "Trundle_Qualifiers_2012"]
[Site "?"]
[Date "2012.10.06"]
[Round "8.3"]
[White "Koop, Thorben"]
[Black "Duneas, John"]
[Result "1/2-1/2"]
[WhiteElo "2127"]
[BlackElo "2089"]
[PlyCount "58"]
[EventDate "2012.??.??"]
[SourceDate "2012.09.29"]

1. Nf3 Nf6 2. g3 d5 3. Bg2 Bf5 4. O-O Nbd7 5. d3 e6 6. Nbd2 Bc5 7. Qe1 O-O 8.
e4 Bg6 9. Qe2 c6 10. e5 Ne8 11. Nh4 Be7 12. Nxg6 hxg6 13. f4 Qb6+ 14. Kh1 c5
15. c3 Nc7 16. h4 f5 17. h5 gxh5 18. Qxh5 Rf7 19. Kg1 g5 20. fxg5 Nxe5 21. g6
Rg7 22. Nf3 Ng4 23. Bh3 Ne8 24. Bg5 Nef6 25. Qh4 Qd6 26. Rae1 Rf8 27. Bxg4 Nxg4
28. Bxe7 Qxe7 29. Qxe7 Rxe7 {Draw.} 1/2-1/2